ბათუმის შოთა რუსთაველის სახელმწიფო უნივერსიტეტის ბიბლიოთეკა

Задания по педагогике. (ბიბ.ჩანაწერი № 38981)

000 -LEADER
fixed length control field 00678nam a2200217Ia 4500
001 - CONTROL NUMBER
control field 5443
003 - CONTROL NUMBER IDENTIFIER
control field GE_BSU
008 - FIXED-LENGTH DATA ELEMENTS--GENERAL INFORMATION
fixed length control field 181216s||||||||xx |||||||||||||| ||und||
040 ## - CATALOGING SOURCE
Transcribing agency GE_BSU
080 ## - UNIVERSAL DECIMAL CLASSIFICATION NUMBER
Universal Decimal Classification number 37.01(075.8
100 ## - MAIN ENTRY--PERSONAL NAME
Personal name Додон, Л.Л.
245 ## - TITLE STATEMENT
Title Задания по педагогике.
245 ## - TITLE STATEMENT
Remainder of title Пособие для учащихся педагогич. училищ. и студентов педагог фак-ов.
245 ## - TITLE STATEMENT
Statement of responsibility, etc. Ред. Д.Ф. Тарасов
260 ## - PUBLICATION, DISTRIBUTION, ETC.
Place of publication, distribution, etc. Моска
260 ## - PUBLICATION, DISTRIBUTION, ETC.
Name of publisher, distributor, etc. Просвещение
260 ## - PUBLICATION, DISTRIBUTION, ETC.
Date of publication, distribution, etc. 1968
300 ## - PHYSICAL DESCRIPTION
Extent 222с 20 см.
653 ## - INDEX TERM--UNCONTROLLED
Uncontrolled term Задания по педагогике.
942 ## - ADDED ENTRY ELEMENTS (KOHA)
Koha item type წიგნი
ეგზემპლარები
Withdrawn status Lost status Damaged status Not for loan Date acquired Barcode Date last seen Price effective from Koha item type
        2018-12-17 16092 2018-12-17 2018-12-17 წიგნი